| 000 | 01029nam0a22002531 4500 | ||
|---|---|---|---|
| 001 | rc\964043 | ||
| 005 | 20250622060809.0 | ||
| 035 | _a(NLR Aleph) 006133491 | ||
| 090 |
_a5586384 _c5586384 |
||
| 100 | _a20041129d1982 |||y0rusy50 ca | ||
| 101 | 0 | _arus | |
| 102 | _aRU | ||
| 105 | _aa ||||||||| | ||
| 200 | 1 | _aИспользование полетной информации для объективного контроля пилотирования воздушных судов | |
| 210 |
_aКиев _cО-во "Знание" УССР _d1982 |
||
| 215 |
_a24 с. _cил. _d20 |
||
| 225 | 1 |
_aВ помощь лектору и специалисту _fО-во "Знание" УССР _iПовышение эффективности работы транспорта |
|
| 700 | 1 |
_aЦветков _bМ.М. _gМихаил Михайлович |
|
| 701 | 1 |
_aЯстреб _bН.Н. _gНиколай Николаевич |
|
| 801 | 0 |
_aRU _bNLR _gpsbo |
|
| 801 | 1 |
_aRU _bELAR _2rusmarc |
|
| 852 |
_aNLR _j83-4/14032 |
||
| 942 | _cBOOK | ||
| 980 | _aNB | ||